| 000 | 00813nam a2200253 i 4500 | ||
|---|---|---|---|
| 003 | DO-SdBNP | ||
| 005 | 20240516152600.0 | ||
| 007 | ta | ||
| 008 | 220525e2000 dr a || r|||| 001 edspa d | ||
| 040 |
_aDO-SdBNP _bspa _cBNPHU _erda |
||
| 082 | 4 |
_222 _bC364L |
|
| 100 | 1 |
_927154 _aCastillo, Nelson, _eautor |
|
| 245 | 1 | 3 |
_aEl libro negro dominicano / _cNelsón Castillo |
| 264 |
_aSanto Domingo : _beditor no identificado, _c2000. |
||
| 300 |
_a309 páginas ; _c 21 cm |
||
| 336 |
_2rdacontent _atexto _btxt |
||
| 337 |
_2rdamedia _asin mediación _bn |
||
| 338 |
_2rdacarrier _avolumen _bnc |
||
| 500 | _aIncluye datos biográficos del autor en la solapa de la cubierta. | ||
| 590 | _aInventariado 2022 / MF | ||
| 650 | 4 |
_981494 _aHistoria _ySiglo XIX _zRepública Dominicana |
|
| 910 | _aMFeliz | ||
| 942 |
_2ddc _cLBS1 |
||
| 999 |
_c51815 _d51815 |
||